Juego de flechas - ¡Muerte súbita! - Estadísticas

Estadísticas generales
  • Esta prueba ha sido intentada 15.802 veces
  • La puntuación promedio es 27 de 67
Answers on the Grid
Answers color-coded by a green-red scale on the quiz's grid according to % correct below.
 
Estadísticas de respuestas
Respuesta % Correcto
85%
65%
52%
51%
51%
50%
49%
48%
47%
46%
46%
44%
44%
44%
43%
43%
43%
43%
42%
42%
42%
42%
41%
41%
40%
40%
40%
40%
40%
40%
40%
40%
39%
39%
38%
38%
38%
38%
38%
37%
37%
37%
37%
37%
37%
37%
37%
36%
36%
36%
36%
36%
35%
35%
35%
35%
35%
35%
35%
34%
34%
34%
34%
34%
33%
32%
32%
No se encontraron pruebas coincidentes
Distribución de puntuación
Porcentaje de gente con cada puntuación
Porcentaje por número respondido
Historial de tus puntuaciones
No has intentado esta prueba.